000 00307nam a2200109Ia 4500
008 200302s9999 xx 000 0 und d
100 _aM. Anji Reddy
245 _aA Text Book of Remote Sensing and Geographical Information Systems 2nd ed.
260 _bB. S. Publications
260 _c2001
300 _a418 P.,
999 _c5481
_d5481